Research methods in information
Salvato in:
| Autore principale: | |
|---|---|
| Natura: | Libro |
| Lingua: | inglese |
| Pubblicazione: |
Facet Publishers
2013
|
| Tags: |
Aggiungi Tag
Nessun Tag, puoi essere il primo ad aggiungerne!!
|
MARC
| LEADER | 00000nam a22000007a 4500 | ||
|---|---|---|---|
| 008 | 210726b ||||| |||| 00| 0 eng d | ||
| 020 | |a 978185048132 | ||
| 100 | |a PICKARD, Alison Jane | ||
| 245 | |a Research methods in information |c by Alison Jane Picard |g xxii,345p;ill | ||
| 250 | |b 2nd | ||
| 260 | |b Facet Publishers |c 2013 |h London |i 696439 |i 696440 |l Z669.7.P58 |m Information science- Research - Methodology | ||
| 500 | |a it includes references and index | ||
| 942 | |a lcc |c BK |e JOHNSON |f 26/07/21 | ||
| 952 | |0 0 |1 0 |2 lcc |4 0 |6 Z06697 P58 |7 0 |9 2816 |a ED |b HOL |c QZ |d 2021-07-26 |l 0 |o Z669.7.P58 |p 2021-66479 |r 2021-07-26 00:00:00 |w 2021-07-26 |y BK | ||
| 952 | |0 0 |1 0 |2 lcc |4 0 |6 Z06697 P58 |7 0 |9 2817 |a HOL |b HOL |c QZ |d 2021-07-26 |l 0 |o Z669.7.P58 |p 2021-66480 |r 2021-07-26 00:00:00 |w 2021-07-26 |y BK | ||
| 999 | |c 1463 |d 1463 | ||